000 00358nam a2200109Ia 4500
008 171211s9999 xx 000 0 und d
245 _aAcross The Margins: Cultural Identity and Change in the Atlantic Archipelago
245 _cGerry Smyth and Glenda Norquay
260 _c2002
650 _xCULTURE
856 _uhttp://down.ebook777.com/061/9780719057496.pdf
999 _c347881
_d347881